=LDR 00000nam 2200000 4500 =001 INLIS000000000037754 =005 20130612143453 =008 ***********************************Ind** =035 ##$$0010-061300000037754 =041 ##$$a Ind =082 ##$$a 646.7 =090 ##$$a 646.7, Niv s =100 ##$$a Niven, David =245 ##$$a 100 rahasia sederhana dan keluarga bahagia (the soo simple secrets of happy families, David Niven Ph.D ; alih bahasa, Drs. Arvin Saputra =260 ##$$a 2005 $b Jakarta =300 ##$$a 317 hlm, 22 cm =650 ##$$a Manajemen kehidupan keluarga =850 ##$$a NBPNMAT =990 ##$$a 1001810018 =990 ##$$a 01201710018